Eastern Utah Libraries Catalog: Duchesne, Heber, Roosevelt, & Vernal

Pumpkinheads / (Record no. 248155)

MARC details
000 -LEADER
fixed length control field 01483pam a2200385 i 4500
001 - CONTROL NUMBER
control field BK0023543846
005 - DATE AND TIME OF LATEST TRANSACTION
control field 20260218105001.0
008 - FIXED-LENGTH DATA ELEMENTS--GENERAL INFORMATION
fixed length control field 190715s2019 nyua j 6 000 0 eng d
010 ## - LIBRARY OF CONGRESS CONTROL NUMBER
LC control number bl2019020986
020 ## - INTERNATIONAL STANDARD BOOK NUMBER
International Standard Book Number 9781626721623 : PAP
Terms of availability 17.99
020 ## - INTERNATIONAL STANDARD BOOK NUMBER
International Standard Book Number 125031285X ; Hardback
Terms of availability $24.99
020 ## - INTERNATIONAL STANDARD BOOK NUMBER
International Standard Book Number 1626721629 : PAP
Terms of availability 17.99
Qualifying information pbk.
037 ## - SOURCE OF ACQUISITION
Source of stock number/acquisition First Second, C/O Mps 16365 James Madison Hwy, Gordonsville, VA, USA, 22942, (888)3308477
Note SAN 631-5011
040 ## - CATALOGING SOURCE
Original cataloging agency NjBwBT
Language of cataloging eng
Transcribing agency NjBwBT
Description conventions rda
Modifying agency IMmBT
050 14 - LIBRARY OF CONGRESS CALL NUMBER
Classification number PZ7.7.R686
Item number Pum 2019
082 04 - DEWEY DECIMAL CLASSIFICATION NUMBER
Classification number 741.5/973
Edition number 23
092 ## - LOCALLY ASSIGNED DEWEY CALL NUMBER (OCLC)
Classification number 741.5973
100 1# - MAIN ENTRY--PERSONAL NAME
Personal name Rowell, Rainbow,
Relator term author.
9 (RLIN) 5943206
245 10 - TITLE STATEMENT
Title Pumpkinheads /
Statement of responsibility, etc written by Rainbow Rowell ; illustrated by Faith Erin Hicks ; color by Sarah Stern.
250 ## - EDITION STATEMENT
Edition statement First edition.
264 #1 - Production, Publication, Distribution, Manufacture, and Copyright Notice.
Place of production, publication, distribution, manufacture New York :
Name of producer, publisher, distributor, manufacturer First Second,
Date of production, publication, distribution, manufacture, or copyr 2019.
300 ## - PHYSICAL DESCRIPTION
Extent 209 pages :
Other physical details color illustrations ;
Dimensions 23 cm
336 ## - Content Type
Content type term text
336 ## - Content Type
Content type term still image
337 ## - Media type
Media type term unmediated
338 ## - Carrier type
Carrier type term volume
500 ## - GENERAL NOTE
General note Chiefly illustrations.
520 ## - SUMMARY, ETC.
Summary, etc Working at a pumpkin patch every autumn, Deja and Josiah plan the ultimate Halloween night to celebrate their last year working together.
650 #1 - SUBJECT ADDED ENTRY--TOPICAL TERM
Topical term or geographic name as entry element Friendship
Form subdivision Fiction.
9 (RLIN) 5673769
650 #1 - SUBJECT ADDED ENTRY--TOPICAL TERM
Topical term or geographic name as entry element Halloween
Form subdivision Fiction.
9 (RLIN) 5684667
650 #1 - SUBJECT ADDED ENTRY--TOPICAL TERM
Topical term or geographic name as entry element Graphic novels.
9 (RLIN) 6384160
655 #0 - INDEX TERM--GENRE/FORM
Genre/form data or focus term Graphic novels.
9 (RLIN) 6384159
700 1# - ADDED ENTRY--PERSONAL NAME
Personal name Hicks, Faith Erin,
Relator term artist.
9 (RLIN) 5717675
942 ## - ADDED ENTRY ELEMENTS (KOHA)
Source of classification or shelving scheme Dewey Decimal Classification
Koha item type BOOK
Holdings
Withdrawn status Lost status Source of classification or shelving scheme Damaged status Not for loan Collection code Home library Current library Shelving location Date acquired Source of acquisition Total Checkouts Total Renewals Full call number Barcode Checked out Date last seen Date checked out Cost, replacement price Price effective from Koha item type
  Long Overdue (Lost) Dewey Decimal Classification     Young Adult Graphic Novels Wasatch County Library Wasatch County Library First Floor 06/05/2020 Micromarketing 2 2 YA GN Rowell 34301001641127 06/23/2021 04/27/2021 04/27/2021 24.99 06/05/2020 BOOK
  Long Overdue (Lost) Dewey Decimal Classification     Young Adult Graphic Novels Wasatch County Library Wasatch County Library First Floor 09/15/2021 Micromarketing 12 8 YA GN Rowell 34301001807736 08/25/2023 06/29/2023 06/29/2023 24.99 09/15/2021 BOOK
This project was made possible through a grant from the Institute of Museum and Library Service administered by the Utah State Library Division.

Wasatch County Library

  • 465 East 1200 South, Heber City, Utah 84032
  • Phone 435-654-1511 | Fax 435-654-6456

Hours

  • Monday - Friday 9:30 AM - 8:00 PM
  • Saturday 9:30 AM - 1:30 PM
  • Closed Sundays and Holidays